Global Construction 2030 (Record no. 115639)

MARC details
000 -LEADER
fixed length control field 00996cab a22002415a 4500
001 - CONTROL NUMBER
control field L159041
008 - FIXED-LENGTH DATA ELEMENTS--GENERAL INFORMATION
fixed length control field 130731e2015 xxk 000 0 eng d
035 ## - SYSTEM CONTROL NUMBER
System control number (Sirsi) u159041
041 0# - LANGUAGE CODE
Language code of text/sound track or separate title eng
110 1# - MAIN ENTRY--CORPORATE NAME
Corporate name or jurisdiction name as entry element Global Construction Perspectives
9 (RLIN) 5940
245 00 - TITLE STATEMENT
Title Global Construction 2030
Remainder of title A global forecast for the construction industry to 2030
Medium [electronic resource]
260 ## - PUBLICATION, DISTRIBUTION, ETC.
Place of publication, distribution, etc. Oxford
Name of publisher, distributor, etc. GCP
Date of publication, distribution, etc. 2015
520 ## - SUMMARY, ETC.
Summary, etc. Fourth in a series of major global studies of the construction and engineering industry to be published by Global Construction Perspectives and Oxford Economics. It shows the UK overtaking Germany to become Europe's largest construction market by 2025.
590 ## - LOCAL NOTE (RLIN)
Local note KA
650 24 - SUBJECT ADDED ENTRY--TOPICAL TERM
Topical term or geographic name entry element ECONOMY
650 24 - SUBJECT ADDED ENTRY--TOPICAL TERM
Topical term or geographic name entry element FORECAST
650 24 - SUBJECT ADDED ENTRY--TOPICAL TERM
Topical term or geographic name entry element GLOBAL CONSTRUCTION SURVEY
651 #4 - SUBJECT ADDED ENTRY--GEOGRAPHIC NAME
Geographic name International
690 ## - LOCAL SUBJECT ADDED ENTRY--TOPICAL TERM (OCLC, RLIN)
Topical term or geographic name as entry element CONSTRUCTION
710 1# - ADDED ENTRY--CORPORATE NAME
Corporate name or jurisdiction name as entry element Oxford Economics
856 40 - ELECTRONIC LOCATION AND ACCESS
Uniform Resource Identifier <a href="https://www.globalconstruction2030.com/">https://www.globalconstruction2030.com/</a>
Public note Purchase the report from www.globalconstruction2030.com.
942 ## - ADDED ENTRY ELEMENTS (KOHA)
Suppress in OPAC 0
Holdings
Withdrawn status Lost status Source of classification or shelving scheme Damaged status Not for loan Home library Current library Shelving location Date acquired Total Checkouts Full call number Barcode Date last seen Copy number Price effective from Koha item type
    Dewey Decimal Classification     Virtual Virtual Online 15/12/2015   ONLINE PUBLICATION 159041-2001 06/08/2019 1 06/08/2019 Book